História troch korún

Bibliographic Details
Main Author: Hašek, Jaroslav, 1883-1923 (Author)
Other Authors: Štepita, Ján, 1932-2017 (Translator)
Format: Article
Language:Slovak
Subjects:

MARC

LEADER 00000nab a2200000 a 4500
001 vtls000042327
003 SK-MaSNL
005 20260305010429.0
008 160202c1979 xo 0 slo
015 |a SNBRB19rr/mm-uuuuu 
035 |a CL0052422 
040 |a SNKBUCL  |b slo  |c SNKBUCL  |e AACR2 
041 0 |a slo 
044 |a xo  |c SK 
080 |a 885.0-2  |2 1981 
080 |a 885.4-2  |2 1981 
100 1 |a Hašek, Jaroslav,  |d 1883-1923  |4 aut  |9 98754 
245 1 0 |a História troch korún  |c Jaroslav Hašek ; J. Štepita 
500 |a Príloha časopisu Jabisko č. 7, 1979. Pod spoločným názvom Humoresky. 
650 0 7 |a humoresky scénické  |2 snkbucl  |9 1585798 
655 7 |a články z novín a časopisov  |2 snkbucl  |9 267496 
655 7 |a články z odboru literárna veda a krásna literatúra  |2 snkbucl  |9 770045 
700 1 |a Štepita, Ján,  |d 1932-2017  |4 trl  |9 116951 
773 0 |t Malý repertoár  |g Č. 7 (1979), s. 181-182 
850 |a Slovenská národná knižnica v Martine  |a MTA001 
852 |a SNK  |b KIS3GCP 
958 |a RK 
958 |a CZ 
958 |a LX 
958 |a SK 
992 |a RBX 
999 |c 3246639  |d 3248569